|
|
|
|
| LEADER |
03619nam a22003733i 4500 |
| 001 |
EBC4394224 |
| 003 |
MiAaPQ |
| 005 |
20240729202201.0 |
| 006 |
m o d | |
| 007 |
cr cnu|||||||| |
| 008 |
240729s2015 xx o ||||0 eng d |
| 020 |
|
|
|a 9789176859360
|q (electronic bk.)
|
| 035 |
|
|
|a (MiAaPQ)EBC4394224
|
| 035 |
|
|
|a (Au-PeEL)EBL4394224
|
| 035 |
|
|
|a (OCoLC)1372399020
|
| 040 |
|
|
|a MiAaPQ
|b eng
|e rda
|e pn
|c MiAaPQ
|d MiAaPQ
|
| 100 |
1 |
|
|a Larsson, Emanuel.
|
| 245 |
1 |
0 |
|a Evaluation of the Dual-Modal Usage of Contrast Agents by Means of Synchrotron X-Ray Computed Microtomography and Magnetic Resonance Imaging Using Macrophages Loaded with Barium Sulfate and Gadolinium Nanoparticles for Detection and Monitoring in Animal Di.
|
| 250 |
|
|
|a 1st ed.
|
| 264 |
|
1 |
|a Linköping :
|b Linkopings Universitet,
|c 2015.
|
| 264 |
|
4 |
|c {copy}2015.
|
| 300 |
|
|
|a 1 online resource (99 pages)
|
| 336 |
|
|
|a text
|b txt
|2 rdacontent
|
| 337 |
|
|
|a computer
|b c
|2 rdamedia
|
| 338 |
|
|
|a online resource
|b cr
|2 rdacarrier
|
| 490 |
1 |
|
|a Linköping Studies in Science and Technology. Dissertations Series ;
|v v.1707
|
| 505 |
0 |
|
|a Intro -- Dedication -- Abstract -- Populärvetenskaplig sammanfattning -- Sommario -- List of publications -- Author's Contribution -- Related publications -- Contents -- List of Figures -- Acronyms -- 1 Introduction -- 1.1 Objective -- 1.2 Thesis outline -- 2 Contrast Agents -- 2.1 Contrast agents for Computed Tomography -- 2.2 Contrast agents for Magnetic Resonance Imaging -- 2.3 Selection and development of a multi-modal contrast agent for MRI and CT -- 3 Animal Disease Models -- 3.1 Experimental design -- 3.1.1 Pilot studies & -- sample sizes -- 3.2 Selection of an animal disease model expressing inflammations -- 3.2.1 Animal model used in this thesis - an asthmatic mouse model -- 4 Tomographic Imaging Modalities -- 4.1 Computed Tomography -- 4.1.1 Production of Conventional X-rays -- 4.1.2 Experimental setup of CT vs -CT -- 4.1.3 Synchrotron Radiation-CT -- 4.1.4 Synchrotron Radiation-CT vs conventional -CT -- 4.1.5 X-rays interaction with matter and the attenuation of X-rays -- 4.1.6 Image quality -- 4.2 Magnetic Resonance Imaging -- 4.2.1 NMR Background -- 4.2.2 Net magnetization -- 4.2.3 Relaxation -- 4.2.4 Image contrast -- 4.2.5 Encoding the MR-signal -- 4.2.6 Imaging parameters -- 5 Image Post Processing -- 5.1 Image Quality -- 5.2 Segmentation Techniques -- 5.3 Volume Rendering -- 5.4 Selection of Volume of Interest -- 5.5 Quantitative & -- Statistical Image Analysis -- 5.6 Image Registration -- 6 Summary of papers -- 6.1 Paper I: -- 6.2 Paper II: -- 6.3 Paper III: -- 6.4 Paper IV: -- 6.5 Paper V: -- 7 Final discussion -- 8 Future Outlook -- Acknowledgments -- Bibliography.
|
| 588 |
|
|
|a Description based on publisher supplied metadata and other sources.
|
| 590 |
|
|
|a Electronic reproduction. Ann Arbor, Michigan : ProQuest Ebook Central, 2024. Available via World Wide Web. Access may be limited to ProQuest Ebook Central affiliated libraries.
|
| 655 |
|
4 |
|a Electronic books.
|
| 776 |
0 |
8 |
|i Print version:
|a Larsson, Emanuel
|t Evaluation of the Dual-Modal Usage of Contrast Agents by Means of Synchrotron X-Ray Computed Microtomography and Magnetic Resonance Imaging Using Macrophages Loaded with Barium Sulfate and Gadolinium Nanoparticles for Detection and Monitoring in Animal Di
|d Linköping : Linkopings Universitet,c2015
|
| 797 |
2 |
|
|a ProQuest (Firm)
|
| 830 |
|
0 |
|a Linköping Studies in Science and Technology. Dissertations Series
|
| 856 |
4 |
0 |
|u https://ebookcentral.proquest.com/lib/matrademy/detail.action?docID=4394224
|z Click to View
|